| 000 | 00509nam a2200193 a 4500 | ||
|---|---|---|---|
| 001 | 1717 | ||
| 003 | CDMR | ||
| 005 | 20131129133852.0 | ||
| 008 | 130130s1972||||||||||||||||||||||||||||d | ||
| 040 |
_aCDMR _bcat _cCDMR |
||
| 100 | 1 |
_aMounin, Georges _91279 |
|
| 245 | 1 | 0 |
_aIntroducción a la semiología _cGeorges Mounin |
| 260 |
_aBarcelona _c1972 _bAnagrama |
||
| 300 | _a285 p. | ||
| 490 | 0 | _aArgumentos (Anagrama) | |
| 490 | 0 |
_aEnsayo y Ciencias Humanas _v23 |
|
| 650 | 0 | 4 |
_91282 _aSemiòtica |
| 942 |
_cMON _2udc |
||
| 999 |
_c1717 _d1717 |
||